Qualitative rating and its contribution to risk valuation

Výhody a nevýhody využitia ratingu. Klasifikácia ratingov. Matematická analýza dát z finančnej histórie podniku. Nastavenie hodnotenia ukazovateľov.

Guardado en:
Detalles Bibliográficos
Autor principal: Hocman, František, 1983-
Formato: Capítulo de libro
Lenguaje:inglés
Materias:
Etiquetas: Agregar Etiqueta
Sin Etiquetas, Sea el primero en etiquetar este registro!

MARC

LEADER 00000naa$a2200000$$$4500
001 0199508
005 20240502083506.6
041 0 |a eng 
044 |a DE 
245 1 0 |a Qualitative rating and its contribution to risk valuation  |c František Hocman 
520 |a Výhody a nevýhody využitia ratingu. Klasifikácia ratingov. Matematická analýza dát z finančnej histórie podniku. Nastavenie hodnotenia ukazovateľov. 
610 2 0 |a oceňovanie 
610 2 0 |a oceňovanie ekonomické 
610 2 0 |a index Moodyho 
610 2 0 |a rating 
610 2 0 |a riziko 
610 2 0 |a ukazovatele finančné 
610 2 0 |a ukazovatele ekonomické 
100 1 |a Hocman, František, 1983-